000 00513nam a2200145 i 4500
001 45588
003 ES-MaACL
007 t|
008 030326s1886 sp ||||1| spa d
100 1 _aColmeiro, Manuel (
_d1818-1894)
_939768
245 1 0 _aMemoria elevada al Excmo. Sr. Ministro de Gracia y Justicia en la solemne apertura de los Tribunales el día 15 de setiembre (sic) de 1886 /
_cpor Manuel Colmeiro.
260 _aMadrid :
_bJ. M. Ducazcal,
_c1886.
300 _a49 p. ;
_c26 cm.
852 _aES-MaACL
_jG-5277
999 _c45588
_d45588